| 000 | 02193cam a2200493 a 4500 | ||
|---|---|---|---|
| 999 |
_c23408 _d23408 |
||
| 003 | BJBSDDR | ||
| 005 | 20230410103646.0 | ||
| 007 | ta | ||
| 008 | 100422s2010 nyu b 001 0 eng | ||
| 020 | _a9780465002399 (alk. paper) | ||
| 035 | _a16199093 | ||
| 040 |
_aDLC _cDLC _bspa |
||
| 041 | _aspa | ||
| 043 |
_aee----- _ae-gx--- _ae-ur--- |
||
| 050 | 1 | 4 |
_a300 DJK 49 _bS675b 2010 |
| 082 | 0 | 0 | _a940.54/050947 |
| 100 | 1 |
_aSnyder, Timothy _d1969- |
|
| 245 | 1 | 0 |
_aBloodlands : _bEurope between Hitler and Stalin / _cTimothy Snyder. |
| 260 |
_aNew York : _bBasic Books, _cc2010. |
||
| 300 |
_axix, 524 p. : _bmaps ; _c25 cm. |
||
| 504 | _aIncludes bibliographical references (p. 423-462) and index. | ||
| 505 | 0 | _aHitler and Stalin -- The Soviet famines -- Class terror -- National terror -- Molotov-Ribbentrop Europe -- The economics of apocalypse -- Final solution -- Holocaust and revenge -- The Nazi death factories -- Resistance and incineration -- Ethnic cleansings -- Stalinist antisemitism -- Humanity. | |
| 600 | 1 | 0 |
_aStalin, Joseph, _d1878-1953. |
| 600 | 1 | 0 |
_aHitler, Adolf, _d1889-1945. |
| 600 | 1 | 4 |
_aStalin, Joseph _d1878-1953. _xPensamiento político y social |
| 600 | 1 | 4 |
_aHitler, Adolf _d1889-1945. _xPensamiento político y social |
| 650 | 0 |
_aGenocide _zEurope, Eastern _xHistory _y20th century. |
|
| 650 | 0 |
_aMassacres _zEurope, Eastern _xHistory _y20th century. |
|
| 650 | 0 | _aHolocaust, Jewish (1939-1945) | |
| 650 | 0 |
_aWorld War, 1939-1945 _xAtrocities. |
|
| 650 | 4 |
_aHolocausto judío (1939-1945) _9237 |
|
| 650 | 4 |
_aJudíos en Europa. _9239 |
|
| 650 | 0 |
_aGuerra Mundial II, 1939-1945 _xAtrocidades _9240 |
|
| 650 | 0 |
_aGenocidio _xHistoria _9241 |
|
| 650 | 0 |
_aMasacres _xHistoria _9242 _zEuropa Oriental |
|
| 651 | 0 |
_aEurope, Eastern _xHistory _y1918-1945. |
|
| 651 | 0 |
_aSoviet Union _xHistory _y1917-1936. |
|
| 651 | 0 |
_aGermany _xHistory _y1933-1945. |
|
| 651 | 0 |
_aUnión Soviética _xHistoria _y1917-1936 _9243 |
|
| 651 | 0 |
_aEuropa _xHistoria _y1918-1945 _9244 |
|
| 856 | 4 | 2 |
_3Book review (H-Net) _uhttp://www.h-net.org/reviews/showrev.php?id=32567 |
| 856 | 4 | 2 |
_3Book review (H-Net) _uhttp://www.h-net.org/reviews/showrev.php?id=32932 |
| 942 |
_2lcc _cBK |
||